Judging student progress / (Record no. 7796)
[ view plain ]
| 000 -LEADER | |
|---|---|
| fixed length control field | 00706cam a22002531i 4500 |
| 001 - CONTROL NUMBER | |
| JCCL Control Number | 7796 |
| 003 - CONTROL NUMBER IDENTIFIER | |
| JCCL marc code | BD-JhCC |
| 005 - DATE AND TIME OF LATEST TRANSACTION | |
| control field | 20180214101551.0 |
| 008 - FIXED-LENGTH DATA ELEMENTS--GENERAL INFORMATION | |
| fixed length control field | 771206s1960 nyua 000 0 eng |
| 035 ## - SYSTEM CONTROL NUMBER | |
| system control number | (BD-JhCC)7796 |
| 035 ## - SYSTEM CONTROL NUMBER | |
| system control number | (OCoLC)3467763 |
| 040 ## - CATALOGING SOURCE | |
| Original cataloging agency | DLC |
| Transcribing agency | FMMD |
| Modifying agency | NBrockU |
| -- | DLC |
| -- | BD-JhCC |
| 041 ## - LANGUAGE CODE | |
| Language code of Book | eng |
| 050 00 - LIBRARY OF CONGRESS CALL NUMBER | |
| Classification number | LB3051 |
| Item number | .T47 1960 |
| 082 ## - DEWEY DECIMAL CLASSIFICATION NUMBER | |
| Author mark and Year | THO 1960 |
| 100 1# - MAIN ENTRY--PERSONAL NAME | |
| Personal name | Thomas, R. Murray |
| Fuller form of name | (Robert Murray), |
| Dates associated with a name | 1921- |
| 245 10 - TITLE STATEMENT | |
| Title | Judging student progress / |
| Statement of responsibility, etc | R. Murray Thomas. |
| 250 ## - EDITION STATEMENT | |
| Edition statement | 2d. ed. |
| 260 ## - PUBLICATION, DISTRIBUTION, ETC. (IMPRINT) | |
| Place of publication, distribution, etc | New York : |
| Name of publisher, distributor, etc | Longmans, Green and Co., |
| Date of publication, distribution, etc | c1960. |
| 300 ## - PHYSICAL DESCRIPTION | |
| Pagination | 518 p. : |
| Other physical details | ill. ; |
| Dimensions | 22 cm. |
| 650 #0 - SUBJECT ADDED ENTRY--TOPICAL TERM | |
| Topical term or geographic name as entry element | Educational tests and measurements. |
| 942 ## - ADDED ENTRY ELEMENTS (KOHA) | |
| Source of classification or shelving scheme | Dewey Decimal Classification |
| Koha item type | Books |
| Source of classification or shelving scheme | Damaged status | Not for loan | Home library | Current library | Shelving location | Date of accession | Full call number | Barcode | Date last seen | Copy number | Method of acquisition | Koha item type |
|---|---|---|---|---|---|---|---|---|---|---|---|---|
| Dewey Decimal Classification | JCC Rouf Library | JCC Rouf Library | General Stacks | 11/23/2023 | 371.26 THO 1960 | 1035 | 02/14/2018 | C - 1 | Purchase | Books |